Re-aligning vision : (Record no. 372)
[ view plain ]
| 000 -LEADER | |
|---|---|
| campo de control de longitud fija | 01959nam a2200325 a 4500 |
| 001 - NÚMERO DE CONTROL | |
| campo de control | 1184093 |
| 005 - FECHA Y HORA DE LA ÚLTIMA TRANSACCIÓN | |
| campo de control | 20220326193306.0 |
| 008 - DATOS DE LONGITUD FIJA--INFORMACIÓN GENERAL | |
| campo de control de longitud fija | 970410s1997 txua bc 000 0 eng d |
| 010 ## - NÚMERO DE CONTROL DE LA BIBLIOTECA DEL CONGRESO | |
| Número de control de LC | 97071055 |
| 020 ## - NÚMERO INTERNACIONAL ESTÁNDAR DEL LIBRO | |
| Número Internacional Estándar del Libro | 0935213074 |
| 035 ## - NÚMERO DE CONTROL DEL SISTEMA | |
| Número de control de sistema | (OCoLC)37328106 |
| 040 ## - FUENTE DE CATALOGACIÓN | |
| Centro catalogador/agencia de origen | NmU |
| Centro/agencia transcriptor | NmU |
| Centro/agencia modificador | PPiC |
| -- | DLC |
| 042 ## - CÓDIGO DE AUTENTICACIÓN | |
| Código de autenticación | lccopycat |
| 043 ## - CÓDIGO DE ÁREA GEOGRÁFICA | |
| Código de área geográfica | s------ |
| 082 00 - NÚMERO DE LA CLASIFICACIÓN DECIMAL DEWEY | |
| Número de clasificación | 741.598 |
| Número de ítem | R175r |
| 100 ## - ENTRADA PRINCIPAL--NOMBRE DE PERSONA | |
| Nombre de persona | Ramírez, Mari Carmen, |
| 9 (RLIN) | 1764 |
| 245 00 - MENCIÓN DEL TÍTULO | |
| Título | Re-aligning vision : |
| Resto del título | alternative currents in South American drawing / |
| Mención de responsabilidad, etc. | edited with an introduction by Mari Carmen Ramírez ; curators, Edith A. Gibson and Mari Carmen Ramírez ; [translator, Albert G. Bork]. |
| 260 ## - PUBLICACIÓN, DISTRIBUCIÓN, ETC. | |
| Lugar de publicación, distribución, etc. | [Austin] : |
| Nombre del editor, distribuidor, etc. | Archer M. Huntington Art Gallery, University of Texas at Austin, |
| Fecha de publicación, distribución, etc. | 1997. |
| 300 ## - DESCRIPCIÓN FÍSICA | |
| Extensión | 238 p. : |
| Otras características físicas | ill. (some col.) ; |
| Dimensiones | 27 cm. |
| 500 ## - NOTA GENERAL | |
| Nota general | "Catalogue published in conjunction with the traveling exhibition sponsored by the Archer M. Huntington Art Gallery." |
| 504 ## - NOTA DE BIBLIOGRAFÍA, ETC. | |
| Nota de bibliografía, etc. | Includes bibliographical references (p. 212-219). |
| 505 ## - NOTA DE CONTENIDO CON FORMATO | |
| Título | On Drawing |
| Mención de responsabilidad | Mario de Andrade |
| Título | Two Vulnerables decades in latin american art, 1950-1970 (1973) |
| Mención de responsabilidad | Marta Traba |
| Título | The newest colombians : an examplary anthology (1974) |
| Mención de responsabilidad | Marta Traba |
| Título | Drawing Venezuela (1978) |
| Mención de responsabilidad | Marta Traba |
| Título | Recent latin american drawings (1969-1976) |
| Mención de responsabilidad | Barbara Duncan |
| Título | Recent latin american drawings (1969-1976) |
| Mención de responsabilidad | Damian Bayon |
| Título | My Approaches to drawing (1978) |
| Mención de responsabilidad | Luis Felipe Noe |
| Título | Drawing today (1981) |
| Mención de responsabilidad | Juan Calzadilla |
| Título | Aprproach to a Written Drawing (1996) |
| Mención de responsabilidad | Juan Calzadilla |
| 650 #0 - PUNTO DE ACCESO ADICIONAL DE MATERIA--TÉRMINO DE MATERIA | |
| Término de materia o nombre geográfico como elemento de entrada | Drawing |
| Subdivisión geográfica | South America |
| Subdivisión general | Exhibitions. |
| 9 (RLIN) | 1765 |
| 700 1# - ENTRADA AGREGADA--NOMBRE PERSONAL | |
| Nombre de persona | Ramírez, Mari Carmen, |
| Fechas asociadas al nombre | 1955- |
| 9 (RLIN) | 1740 |
| 700 1# - ENTRADA AGREGADA--NOMBRE PERSONAL | |
| Nombre de persona | Gibson, Edith A. |
| 9 (RLIN) | 1766 |
| 710 2# - ENTRADA AGREGADA--NOMBRE DE ENTIDAD CORPORATIVA | |
| Nombre de entidad corporativa o nombre de jurisdicción como elemento de entrada | Archer M. Huntington Art Gallery |
| 9 (RLIN) | 1767 |
| 906 ## - ELEMENTOS DE DATOS F LOCAL, LDF (RLIN) | |
| a | 7 |
| b | cbc |
| c | copycat |
| d | 2 |
| e | opcn |
| f | 19 |
| g | y-gencatlg |
| Estatus retirado | Estado de pérdida | Fuente del sistema de clasificación o colocación | Estado de daño | No para préstamo | Biblioteca de origen | Biblioteca actual | Ubicación en estantería | Fecha de adquisición | Total de préstamos | Signatura topográfica completa | Código de barras | Visto por última vez | Precio de reemplazo | Tipo de ítem Koha |
|---|---|---|---|---|---|---|---|---|---|---|---|---|---|---|
| Clasificación Decimal Dewey | Biblioteca LadoV | Biblioteca LadoV | 21/11/2014 | 741.598 R175r | 000432 | 21/11/2014 | 21/11/2014 | Material 01 |
